000 00335nam a22001457a 4500
008 221116b ||||| |||| 00| 0 eng d
020 _a9780323396639
041 _aeng
080 _2NINTH EDITION
_a610.73
082 _a610.73VER
100 _a7
101 _aINF
245 _aFUNDAMENTALS OF NURSING
_cVERONICA
942 _2udc
_cBK
999 _c58912
_d58912